Films avec Harvey Keitel en images. - Statistiques

Statistiques générales
  • Ce quiz a été pris 14 fois
  • Le résultat moyen est 5 sur 16
Statistiques - réponses
Par images Réponse % Correct
Reservoir Dogs
85%
Taxi Driver
85%
Pulp Fiction
62%
La Leçon de piano
46%
Les Duellistes
46%
Bad Lieutenant
38%
La Dernière Tentation du Christ
23%
Mean Streets
23%
Le Regard d'Ulysse
15%
The Irishman
15%
Sister Act
8%
Smoke
8%
The Grand Budapest Hotel
8%
Thelma et Louise
8%
Bugsy
0%
Copland
0%
Aucun quiz correspondant
Distribution des résultats
% des personnes avec chaque résultat
Percentile par nombre de réponses
Votre historique - résultats
Vous n’avez pas pris ce quiz